000 00358 a2200157 4500
001 148102
040 _cEscola São Tomás de Aquino
100 _aPEREIRA, Luís Fernando
240 1 0 _aCaminho de volta
_lpor
245 1 0 _aCaminho de volta
300 _a79
362 0 _a2006
440 1 _aÁtica
697 _a*LITERATURA INFANTO JUVENIL
942 _cBK
999 _c148102
_d148102